000 01142nas a22003494a 4500
001 ESSALUD
005 20260702105839.0
008 m20092018pe qr r 0 0 spa d
022 _a3119-7671
040 _aESSALUD
041 _aspa
082 _aPRACIV
245 _aPraxis Civil & Procesal Civil
260 _aLima
_bGrupo Praxis Formación Profesional, 2026-
362 _aBimestral
500 _aDescripción basada en: N° 1, Año 1 (enero 2026)
650 _aDERECHO / ANÁLISIS, INTERPRETACIÓN
_937736
650 _aDERECHO CIVIL
_995
650 _aDERECHO PROCESAL CIVIL
_938566
650 _aDERECHO REGISTRAL
_9170
650 _aDERECHO NOTARIAL
650 _aJURISPRUDENCIA
650 _aPUBLICACIONES PERIÓDICAS
_91041
650 _aPERÚ
_913
700 _aTorres Carrasco, Manuel Alberto, dir.
_946891
700 _aCastillo Freyre, Mario, dir
_952914
700 _aEspinoza Espinoza, Juan, dir.
_952915
700 _aLohmann Luca De Tena, Juan G., dir.
_952916
700 _aVarsi Rospigliosi, Enrique, dir
_952917
700 _aVidal Ramírez, Fernando, dir
_952918
942 _cPP
_e2026-06-30
_zsqb
999 _c22573
_d22573